| 000 | 00562nam a22001937a 4500 | ||
|---|---|---|---|
| 999 |
_c4560 _d4560 |
||
| 003 | AR-CdUCM | ||
| 008 | 190311b ||||| |||| 00| 0 spa d | ||
| 040 |
_aMUNICIPALIDAD PROVINCIAL DEL CUSCO _cBIBLIOTECA MUNICIPAL DEL CUSCO |
||
| 082 |
_a869.56 / _bG74 |
||
| 100 |
_aGori, Pedro _914261 |
||
| 245 | _aPoesía de emergencia / | ||
| 260 |
_aLima : _bIndustrialgráfica, _c1961. |
||
| 300 |
_a46 páginas ; _c19 cm. |
||
| 500 | _aDonación familia Nieto. | ||
| 650 |
_aPoesías peruanas _91481 |
||
| 650 |
_aSiglo XX. _98 |
||
| 942 |
_2ddc _cLIBROS |
||
| 945 | _aafb | ||